000 00852nam a22002897a 4500
001 BR9000916
003 BR-BrBNA
005 20230928093401.0
007 ta
008 230509b bl.||||| |||| 00| 0 por d
040 _aBR-BrBNA
_bpor
_cBiblioteca Nacional de Agricultura
041 _a(Por)
072 _aA50
_b0180
_b0175
_b0440
_b/G514
090 _ 0180 BR9000916
110 1 _aFundacao Centro de Experimentacao e Pesquisa Fecotrigo, Cruz Alta, RS (Brasil)
245 1 _aCulturas de inverno: resultados de pesquisa 1987/88
246 1 _a[Winter cultures: research results 1987/88]
260 3 _aCruz Alta, RS (Brasil):
_c1989.
300 _a275 p.
650 _aTRIGO
650 _aTRITICALE
650 _aLINHO
650 _aPESQUISA AGRICOLA
650 _aRIO GRANDE DO SUL
909 _a202309
_bLucia
_c55
_dLucia Elande
942 _cBK
999 _c44675
_d44675